Active Tennis Players with the Most ATP Singles Titles - Statistics

General Stats
  • This quiz has been taken 113 times
  • The average score is 13 of 20
Answer Stats
No. of Titles Answer % Correct
100 Novak Djokovic
100%
20 Carlos Alcaraz
99%
19 Jannik Sinner
99%
24 Alexander Zverev
95%
20 Daniil Medvedev
93%
12 Stefanos Tsitsipas
80%
8 Taylor Fritz
77%
13 Casper Ruud
76%
17 Andrey Rublev
70%
16 Stan Wawrinka
69%
21 Marin Cilic
61%
13 Gael Monfils
59%
9 Grigor Dimitrov
58%
9 Alex De Minaur
51%
10 Matteo Berrettini
41%
8 Hubert Hurkacz
40%
12 Kei Nishikori
38%
9 Fabio Fognini
36%
16 Richard Gasquet
35%
12 Roberto Bautista Agut
34%
No matching quizzes found
Score Distribution
Percent of People with Each Score
Percentile by Number Answered
Your Score History
You have not taken this quiz